00797 a2200217 450000500170000001000150001702000260003203500140005803700100007208200110008210000240009324500540011725000060017126000400017727000840021730000220030150000520032394200270037599900190040295201580042120260212150116.0 aENG-147844 a9789395912624c595.00 aEN-131376 bDBAD  a00021 aDude, Anurag987367 aHow to Prepare JEE Mains & Advanced/cAnurag Dude a1 aNew DelhibGoel Publicationsc2025 aGround Floor, 4855/24, Ansari Road, Darya ganjbNew Delhie110 002k9999819813 a191p.c21cm( pb.) aA Step By Step Guide for Class 11 & 12 Students adplcEN2ddch000mDUB c214861d214861 001040708NFICaRC3ANbRC3ANd2026-02-12eDelivery of Books Act Divisiong595.00l0o000 DUBpEN-131376r2026-02-12 00:00:00t1v595.00w2026-02-12yEN